000 00712nam a2200193 a 4500
008 120416s1994 ||||||||||||||||| || u
020 _a0521565103
050 _aQK 653 End
100 _aEndress, Peter K
245 1 0 _aDiversity and evolutionary biology of tropical flowers
_cPeter K. Endress
260 _aCambridge
_bCambridge University Press
_c1994
300 _axiv, 511p.: ill.
350 _a0.00
650 _aFLOWERS--TROPICS--EVOLUTION
650 _aBOTANY--TROPICS--VARIATION
650 _aPLANTS
650 _aTROPICAL PLANTS--EVOLUTION
995 _D0.00
_FCBU-MAIN LIBRARY (Kitwe)
_H1
_I6.95
_M1
_UAVAILABLE
_ZMain Library Open Access Collection
999 _c40357
_d40357